Analysis and design of experiments: analysis of variance and analysis of variance of designs
Đã lưu trong:
| Tác giả chính: | |
|---|---|
| Định dạng: | Sách |
| Ngôn ngữ: | Tiếng Anh |
| Được phát hành: |
Nueva York
Dover
1949
|
| Loạt: | Dover series in mathematics and physics
|
| Những chủ đề: | |
| Các nhãn: |
Thêm thẻ
Không có thẻ, Là người đầu tiên thẻ bản ghi này!
|
MARC
| LEADER | 00000nam a2200000 a 4500 | ||
|---|---|---|---|
| 001 | UCW1330 | ||
| 003 | CL-VaPUC | ||
| 008 | 920317e19490000US |||||||||||||||||eng|d | ||
| 082 | 0 | 4 | |a 519.5 |b MAN |2 21 |
| 100 | |a Mann, H. B. |e autor |9 305258 | ||
| 245 | 1 | 0 | |a Analysis and design of experiments: analysis of variance and analysis of variance of designs |
| 300 | |a 195 p | ||
| 942 | |c BK | ||
| 945 | |d 19920317 00:00:00 | ||
| 260 | |a Nueva York |b Dover |c 1949 | ||
| 650 | 0 | |a Diseño de experimentos |9 260691 | |
| 650 | 0 | |a Análisis de varianza |9 336938 | |
| 650 | 7 | |a EXPERIMENTOS |2 CL-VaPUC |9 270782 | |
| 583 | |a last modification |c 19920317 00:00:00 |k Rodrigo Vera | ||
| 490 | 0 | |a Dover series in mathematics and physics | |
| 999 | |c 216241 |d 216239 | ||
| 952 | |0 0 |1 0 |4 0 |6 519_500000000000000_MAN_1949 |7 0 |8 A |9 201777 |a BIBGIM |b BIBGIM |d 2019-11-14 |i 269011K |o 519.5 MAN 1949 |p 269011K |r 2025-01-15 |w 2019-11-14 |y BK |k EST | ||